| 000 | 00745nam a2200193 i 4500 | ||
|---|---|---|---|
| 001 | 73686 | ||
| 003 | ES-MaACL | ||
| 005 | 20230906171907.0 | ||
| 007 | t| | ||
| 008 | 040909s1982 sp ||||1| spa d | ||
| 100 | 0 |
_aGómez-Tabanera, José Manuel, _d1926-2011 _958165 |
|
| 245 | 1 | 3 |
_aEl Peñatu de Puertas de Vidiago, Llanes-Asturias _b: mito y religión en la prehistoria astur / _cJosé Gómez-Tabanera. |
| 260 |
_a[S.l. : _bs.n., _c1982] |
||
| 300 |
_a16 p. ; _c22 cm. |
||
| 500 | _aPrecede al tít.: Coloquio Internacional sobre Arte Esquemático de la Península Ibérica. | ||
| 711 | 2 |
_aColoquio Internacional sobre Arte Esquemático de la Península Ibérica. _9105 |
|
| 852 |
_aES-MaACL _j2120-F-29 _bR.103186 |
||
| 999 |
_c73686 _d73686 |
||